| 000 | 01033cam a2200313 a 4500 | ||
|---|---|---|---|
| 999 |
_c14 _d14 |
||
| 001 | 1597376 | ||
| 003 | OSt | ||
| 005 | 20180804120115.0 | ||
| 008 | 940519s1995 tnu 000 1 eng | ||
| 010 | _a 94025844 | ||
| 020 | _a0785280987 | ||
| 040 |
_aDLC _cDLC _dDLC |
||
| 043 | _an-usn-- | ||
| 050 | 0 | 0 |
_aPS3561.R567 _bC75 1995 |
| 082 | 0 | 0 |
_a813 _21 _bK898 |
| 100 | 1 | _aKritlow, William. | |
| 245 | 1 | 0 |
_aCrimson snow / _cWilliam Kritlow. |
| 260 |
_aNashville, Tenn. : _bT. Nelson, _cc1995. |
||
| 300 |
_a320 p. ; _c21 cm. |
||
| 490 | 1 |
_aLake Champlain mysteries ; _vbk. 1 |
|
| 650 | 0 |
_aClergy _xFiction. |
|
| 651 | 0 |
_aNew England _xFiction. |
|
| 655 | 7 |
_aDetective and mystery stories. _2gsafd |
|
| 655 | 7 |
_aChristian fiction. _2gsafd |
|
| 800 | 1 |
_aKritlow, William. _tLake Champlain mysteries ; _vbk. 1. |
|
| 906 |
_a7 _bcbc _corignew _d1 _eocip _f19 _gy-gencatlg |
||
| 942 |
_2ddc _cBK |
||